VISIONARY OF MODERN INDIA: MADAN MOHAN MALVIYA (Record no. 27708)
[ view plain ]
| 000 -LEADER | |
|---|---|
| fixed length control field | 00330nam a22001457a 4500 |
| 003 - CONTROL NUMBER IDENTIFIER | |
| control field | SGT |
| 020 ## - INTERNATIONAL STANDARD BOOK NUMBER | |
| International Standard Book Number | 9788174368447 |
| 082 ## - DEWEY DECIMAL CLASSIFICATION NUMBER | |
| Classification number | 350.954 |
| Item number | V11M |
| 100 ## - MAIN ENTRY--PERSONAL NAME | |
| Personal name | MAINI, S.K. |
| 245 ## - TITLE STATEMENT | |
| Title | VISIONARY OF MODERN INDIA: MADAN MOHAN MALVIYA |
| 260 ## - PUBLICATION, DISTRIBUTION, ETC. (IMPRINT) | |
| Name of publisher, distributor, etc | ROLI BOOKS |
| Year of Publication | 2011 |
| 300 ## - PAGE DESCRIPTION | |
| No. of Pages | 232 |
| 650 ## - SUBJECT ADDED ENTRY--TOPICAL TERM | |
| Topical term or geographic name as entry element | SOCIAL SCIENCE |
| 942 ## - ADDED ENTRY ELEMENTS (KOHA) | |
| Source of classification or shelving scheme | Dewey Decimal Classification |
| Koha item type | Books |
| Withdrawn status | Lost status | Source of classification or shelving scheme | Damaged status | Not for loan | Home library | Current library | Shelving location | Date acquired | SGTU | Total Checkouts | Full call number | Accession No. (Barcode) | Date last seen | Bill Date | Koha item type |
|---|---|---|---|---|---|---|---|---|---|---|---|---|---|---|---|
| Dewey Decimal Classification | Not For Loan | SGT Chancellor's Library | SGT Chancellor's Library | Reference Book | 23/11/2024 | SGTU | 350.954 V11M | CH776 | 23/11/2024 | 23/11/2024 | Books |